000 00931nam a2200253 a 4500
001 adlib96000001
003 ViArRB
005 200902210153555.7
008 960221s1955 dcuabcdjdbkoqu001 0deng d
020 _a
022 _a
040 _aAdlib
082 _a547:541.1
245 _aProgress in physical organic chemistry
250 _a
260 _aNew York
_b
_c
300 _a9v.
_c
500 _a This library has vo.4, 6-9.
100 _aAndrew Streitwieser, jr.
_eed. by
700 _aTaft, Robert W
_a
942 _cBK
653 _aOrganic chemistry
_aOrganic reactions
_aChemistry
_aSpectroscopy
_aBiochemistry
_aSpectrum analysis
_aAcids
_aBases- chemistry
_aPhysical science
_aScience
_aChemistry
_aSpectroscopy
_aBiochemistry
_aSpectrum analysis
_aAcids
_aBases- chemistry
_aPhysical science
_aScience
952 _w2010-06-16
_p00012179
_r2010-06-16
_40
_00
_bUL
_10
_o547:541.1 PRO.4
_d2010-06-16
_70
_yBK
_aUL
999 _c15563
_d15562